Ownership and appropriation (Record no. 129822)
[ view plain ]
| 000 -LEADER | |
|---|---|
| fixed length control field | 02767nam a2200421 a 4500 |
| 082 04 - DEWEY DECIMAL CLASSIFICATION NUMBER | |
| Classification number | 363.6/9 |
| 245 00 - TITLE STATEMENT | |
| Title | Ownership and appropriation |
| 250 ## - EDITION STATEMENT | |
| Edition statement | English ed. |
| 260 ## - PUBLICATION, DISTRIBUTION, ETC. (IMPRINT) | |
| Place of publication | Oxford ; |
| -- | New York : |
| Name of publisher | Berg Publishers, |
| Year of publication | 2011. |
| 300 ## - PHYSICAL DESCRIPTION | |
| Number of Pages | xvii, 299 p. : |
| Other physical details | ill., maps. |
| 490 1# - SERIES STATEMENT | |
| Series statement | A.S.A. monographs, |
| 505 0# - FORMATTED CONTENTS NOTE | |
| Formatted contents note | pt. 1. Subjects, personhood and peoplehood -- pt. 2. Materiality and immateriality -- pt. 3. Ownership as social communication. |
| 520 ## - SUMMARY, ETC. | |
| Summary, etc | "In a world of finite resources, expanding populations, and widening structural inequalities, the ownership of things is increasingly contested. Not only are the commons being rapidly enclosed and privatised, but the very idea of what can be owned is expanding, generating conflicts over the ownership of resources, ideas, culture, people, and even parts of people. Understanding processes of ownership and appropriation is not only central to anthropological theorising but also has major practical applications, for policy, legislative development and conflict resolution. Ownership and Appropriation significantly extends anthropologys long-term concern with property by focusing on everyday notions and acts of owning and appropriating. The chapters document the relationship between ownership, subjectivities and personhood; they demonstrate the critical consequences of materiality and immateriality on what is owned; and they examine the social relations of property. By approaching ownership as social communication and negotiation the text points to a more dynamic and processual understanding of property, ownership and appropriation"-- |
| 650 #0 - SUBJECT ADDED ENTRY--TOPICAL TERM | |
| Topical Term | Material culture. |
| Topical Term | Property. |
| Topical Term | Cultural property. |
| 700 1# - ADDED ENTRY--PERSONAL NAME | |
| Personal name | Strang, Veronica. |
| Personal name | Busse, Mark. |
| 856 40 - ELECTRONIC LOCATION AND ACCESS | |
| Uniform Resource Identifier | http://site.ebrary.com/lib/rucke/Doc?id=10493971 |
| 520 ## - SUMMARY, ETC. | |
| -- | Provided by publisher. |
No items available.
